000 00500nam a22001697a 4500
005 20251108164931.0
008 250721s1986 xx 000 0 ara d
082 1 4 _a651.78/بشي
100 1 _aالعلاق، بشير عباس
245 1 0 _aدليل كتابة التقارير /
264 1 _aبيروت :
_bالدار العربية للموسوعات،
_c1986.
300 _a52ص
650 1 7 _aالتقارير
650 1 7 _aكتابة التقارير
942 _2ddc
_cBK
999 _c17804
_d17804